000 00566nam a22001937a 4500
003 CEME
005 20210628210639.0
008 210211b xxu||||| |||| 00| 0 eng d
020 _a0-7637-1435-6
040 _c.
082 _a005.133 HOL
100 _aJoyce, Daniel.T Holmes, Barry.J
_957916
245 _aObject-oriented programming with java
250 _a2ND
260 _aBOSTAN
_bJONES AND BARTLETT PUBLISHERS
_c2001
300 _a835P
650 _aJAVA-COMPUTER PROGRAM LANGUAGE OBJECT ORIENTED PROGRAMMING-COPMUTER SCIENCE
_980332
942 _cBK
_2ddc
999 _c585284
_d585284